000 00809cab a2200277 4500
001 ABS59933
008 090401t1999 xxu||||| |||| 00| 0 eng d
035 _a(Sirsi) u90921
041 _aeng
245 _aRegional survey: Kent
260 _c1999
350 _a0
490 _aProperty Week
_v64(3) 22 January 1999, 42-65(10)
650 _aCANTERBURY
650 _aDEVELOPMENT
650 _aFOLKESTONE
650 _aINDUSTRIAL MARKET
650 _aINVESTMENT MARKET
650 _aKENT
650 _aPROPERTY-COMMERCIAL PROPERTY-OFFICE PROPERTY-OFFICE PROPERTY MARKET
650 _aPLANNING POLICY
650 _aPROPERTY-COMMERCIAL PROPERTY-RETAIL PROPERTY-RETAIL PROPERTY MARKET
690 _aPROPERTY-COMMERCIAL PROPERTY-COMMERCIAL PROPERTY MARKET
942 _n0
948 _c26/01/1999
999 _c57681
_d57681